| 000 | 00666nam a2200253Ia 4500 | ||
|---|---|---|---|
| 005 | 20250425162611.0 | ||
| 008 | 250425s9999 xx 000 0 und d | ||
| 020 | _a9789978142448 | ||
| 041 | _aspa | ||
| 043 | _aec | ||
| 082 | _a320.12 | ||
| 100 | _aPAUTA CALLE, FERNANDO | ||
| 245 | 0 | _aORDENACION TERRITORIAL Y URBANISTICA: UN CAMINO PARA SU APLICACION EN EL ECUADOR | |
| 250 | _a1A ED. | ||
| 260 | _aCUENCA | ||
| 260 |
_aEcuador _bUNIVERSIDAD DE CUENCA _c2013 |
||
| 300 | _a259 | ||
| 500 | _aENTREGADO EN DONACION | ||
| 650 | _aECUADOR | ||
| 650 | _aORDENACION TERRITORIAL | ||
| 650 | _aORDENACION URBANISTICA | ||
| 942 | _c01 | ||
| 010 | _a88956 | ||
| 999 |
_c232565 _d232565 |
||